| 000 | 00937nam a2200241Ia 4500 | ||
|---|---|---|---|
| 008 | 191130s2007##################000#0#eng## | ||
| 020 | _a9780748623907 | ||
| 040 |
_aACL _cACL |
||
| 082 | _a791.43658 MAC | ||
| 100 | _aMackenzie, S. P | ||
| 245 |
_aThe battle of Britain on screen : "the few" in British film and television drama _cS.P. MacKenzie |
||
| 260 |
_aEdinburgh _bEdinburgh Univeristy Press _c2007 |
||
| 300 | _a181 p. ; 24 cm | ||
| 500 | _aIncludes bibliographical references and index | ||
| 650 | _aBritain, Battle of, Great Britain, 1940 - Motion pictures and the war | ||
| 650 | _aBritain, Battle of, Great Britain, 1940 - Television and the war | ||
| 650 | _aTelevision plays - Great Britain | ||
| 650 | _aWar films - Great Britain - History and criticism | ||
| 650 | _aWorld War, 1939-1945 - Motion pictures and the war | ||
| 990 | _acf255023ac10000c41b08ab28660e8a0 | ||
| 991 | _a363211 | ||
| 999 |
_c301247 _d301247 |
||